La tebaida. tomo ii /

Guardado en:
Autor Principal: Estacio, Publio Papinio
Formato: Libro
Publicado: Madrid : Hernándo, 1888
Series:Bibl. Clásica
Materias:
Etiquetas: Agregar Etiqueta
Sin Etiquetas, Sea el primero en etiquetar este registro!
LEADER 00543nam a22001935a 4500
001 CEM.cems002332
005 20060216000000.0
008 130507s1888##################000#0#####d
003 CEMS
082 0 4 |a 873 
100 1 |a Estacio, Publio Papinio 
245 1 0 |a La tebaida. tomo ii /  |c Publio Papinio Estacio 
260 |a Madrid :  |b Hernándo,  |c 1888 
300 |a 361 p. 
490 0 |a Bibl. Clásica 
653 |a Literatura 
653 |a Literatura latina 
653 |a Poesia epica latina 
859 |a CEMS  |b BIB. CEMS - 11 de abril  |h 873  |i Es81/II  |p 5593.76  |t Ej.1